Ekonomik hesaplamalarda bir birim olarak aile (Record no. 5567)

MARC details
000 -BAŞLIK
Sabit Uzunlukta Kontrol Alanı 00730na a2200253 4500
001 - KONTROL NUMARASI
Denetim Alanı 13111
003 - KONTROL NUMARASI IDENTIFIER
Denetim Alanı MIRAKIL
005 - SON İŞLEM TARİHİ VE ZAMANI
Denetim Alanı 20181213155040.0
008 - SABİT-BOY VERİ ELEMANLARI - GENEL BİLGİLER
Sabit Uzunlukta Kontrol Alanı 161025b tu 000 0
035 ## - SİSTEM KONTROL NUMARASI
Sistem Kontrol Numarası 13111
040 ## - KATALOGLAMA KAYNAK
Orijinal Kataloglama Ajansı Milas
Kataloglama Dili tur
Metne Dönüştürmek Ajansı TR-AnCHP
041 ## - DİL KODU
Metin / Ses Parça Veya Ayrı Başlığın Dil Kodu tur
082 ## - DEWEY ONLU SINIFLANDIRMA NUMARASI
Sınıflandırma Numarası 339.2207
Ürün Numarası E46 1998
090 ## - SINIFLAMA NUMARASI
Sınıflama Numarası 339.2207 E46 1998
245 ## - BAŞLIK TABLOSU
Başlık Ekonomik hesaplamalarda bir birim olarak aile
Sorumluluk Tablosu, Vb hazırlayan: T.C. Başbakanlık Aile Araştırma Kurumu Başkanlığı
260 ## - YAYIN, DAĞITIM, VB
Yayın, Dağıtım, Vb Yeri Ankara
Yayın, Dağıtım, Vb Tarihi 1998
300 ## - FİZİKSEL TANIM
Kapsam xix, 348 s.
Diğer Fiziksel Ayrıntıları tbl.
Boyutlar 24 sm.
490 ## - SERİSİ TABLOSU
Seri Beyanı Bilim serisi
Hacim / Ardışık Tanımı 112
650 ## - KONU KATMA GİRİŞ - TOPİKAL DÖNEM
Topikal Süreli Veya Coğrafi Ad Giriş Elemanı Tüketim
650 ## - KONU KATMA GİRİŞ - TOPİKAL DÖNEM
Topikal Süreli Veya Coğrafi Ad Giriş Elemanı Ekonomi
Genel Alt Bölümü Sosyal politikalar
-- Hane halkı
650 ## - KONU KATMA GİRİŞ - TOPİKAL DÖNEM
Topikal Süreli Veya Coğrafi Ad Giriş Elemanı Gelir dağılımı
Genel Alt Bölümü Aile
650 ## - KONU KATMA GİRİŞ - TOPİKAL DÖNEM
Topikal Süreli Veya Coğrafi Ad Giriş Elemanı Aile
942 ## - EKLENDİ GİRİŞ ELEMANLARI (KOHA)
Sınıflandırma Veya Raf Düzeni Kaynak Dewey Decimal Classification
Koha Öğesi Türü Books
999 ## - SİSTEM KONTROL NUMARALARI (KOHA)
Koha Biblionumber 5567
Koha Biblioitemnumber 5567
Holdings
Kalıcı Konum Mevcut Konum Edinme Tarihi Edinim Kaynak Toplam Check-Out'Lar Tam Çağrı Numarası Barkod Tarih Son Görülme İtibaren Geçerli Fiyatlar Koha Öğesi Türü
CHP Kütüphanesi CHP Kütüphanesi 08/08/2016 Bağış   339.2207 E46 1998 000646 08/08/2016 08/08/2016 Books